000 00802cam a2200253 a 4500
001 11
003 BR-CuiBMT
005 20231109234211.0
008 230717s2020 mgb 000 0 por d
020 _a9788545006978
040 _aBR-CuiBMT
_cBR-CuiBMT
080 _22007
_a35.073.52
090 _a35.073.52
_bM152t
100 1 _aMaciel, Moises
245 1 0 _aTribunais de contas e o direito fundamental ao bom governo /
_cMoises Maciel ; prefácio, Lauro Ishikawa.
260 _aBelo Horizonte :
_bFórum,
_c2020.
300 _a245 p. ;
_c22 cm
504 _aInclui bibliografia.
650 _aTribunais de contas
_zBrasil
650 _aDireitos e garantias individuais
_zBrasil
650 _aAdministração pública
_xTransparência
_zBrasil
650 _aResponsabilidade fiscal
942 _2udc
_cLV
999 _c11
_d11